Zastavte Dubčeka!

Titel: Zastavte Dubčeka! : Príbeh človeka, ktorý prekážal mocným / Jozef Banáš
Verfasser:
Veröffentlicht: Bratislava : Ikar, 2009
Umfang: 359, [8] S. : Ill.
Format: Buch
Sprache: Slowakisch
RVK-Notation:
Schlagworte:
ISBN: 9788055121079 ; 8055121079
Buchumschlag
X
Lokale Klassifikation: 2 D 289 ; 24 7 W ; 24 10 F ; 22 7 V
alg: 22939271
001A    $03004:09-12-10 
001B    $01999:03-06-23 $t05:21:37.000 
001D    $03004:07-10-11 
001U    $0utf8 
001X    $00 
002@    $0Aau 
003@    $0229392717 
004A    $A978-80-551-2107-9 
004A    $080-551-2107-9 
007A    $0229392717 $aHEB 
007G    $0DE02022FF4143842B7A37C125792C003F2D46 
007T    $0Herdhh229392717 
009P    $A2 $3Inhaltsverzeichnis $uhttp://bvbr.bib-bvb.de:8991/F?func=service&doc_library=BVB01&doc_number=020416013&line_number=0001&func_code=DB_RECORDS&service_type=MEDIA 
009P    $qapplication/pdf $A2 $3Inhaltsverzeichnis $uhttp://scans.hebis.de/HEBCGI/show.pl?22939271_toc.pdf $mV:DE-603;B:DE-Mb50 
010@    $aslo 
011@    $a2009 $n2009 
021A    $aZastavte Dubčeka! $dPríbeh človeka, ktorý prekážal mocným $hJozef Banáš 
028A    $#Banas, J. $#Banas, Josef $7141538287 $8Banáš, Jozef$Z1948- [Tp3] $9224214799 
033A    $pBratislava $nIkar 
034D    $a359, [8] S. 
034M    $aIll. 
041A    $#Dubček, Alexander $7118527622 $8Dubček, Alexander$Z1921-1992 [Tp1] $9086868713 
045F    $a900.94373 $eDDC23BSB 
045F/01 $a900 
045F/03 $g4373 
045G    $a800 $eDDC23BSB 
045G/01 $a800 
045G/03 $g4373 
045H    $a909 $eDDC23BSB 
045H/01 $a909 
045H/03 $g437 
045Z    $8KU 9990 [Tkv] $9409353973 
046M    $aLiteraturverz. S. 357 - 359 

lok: 22939271 24
101B    $007-10-11 $t17:24:27.000 
101C    $007-10-11 
101U    $0utf8 
145Z/01 $a2 D 289 
145Z/02 $a24 7 W 
145Z/03 $a24 10 F 
145Z/04 $a22 7 V 

exp: 22939271 24 1 #EPN
201B/01 $007-10-11 $t17:24:27.000 
201C/01 $009-12-10 
201U/01 $0utf8 
203@/01 $0603482333 
208@/01 $a07-10-11 $bz 
209A/01 $a11.00493 $du $f050 $h11 00493 $x00 
209C/01 $a11.00493 K $h11 00493 K 
209G/01 $a72594541 $x00 
220C/01 $akon 
244Z/01 $#Dubček, Alexander $7118527622 $8--Tp1--Dubček, Alexander$Z1921-1992 $x01 $9086868713 
247C/01 $8358050-7 Marburg, Bibliothek des Herder-Instituts Marburg $9102600961 

lok: 22939271 78

exp: 22939271 78 1 #EPN
201B/01 $019-04-17 $t21:54:49.000 
201U/01 $0utf8 
203@/01 $0793664136 
208@/01 $a12-11-16 $be 
209A/01 $a/ $f000 $x00 
220C/01 $aAnmerkung: *ng 
237A/01 $aweiterführende Signatur(en): Herder-Institut: 11.00493 
244Z/01 $2Trx $8--Trx--Monographie $x01 $9391384546 
247C/01 $82080>Marburg/Lahn, Herder-Institut, Forschungsbibliothek, Bibliographieportal $9336309341
LEADER 00000cam a2200000 c 4500
001 229392717
003 DE-603
005 20230603052137.0
007 tu
008 101209s2009 xx |||| | u00||u|slo c
020 |a 9788055121079 
020 |a 8055121079 
035 |a (DE-599)HEB229392717 
040 |a DE-603  |b ger  |c DE-603  |d DE-603 
041 |a slo 
082 0 4 |8 1\u  |a 900.94373  |q DE-101  |2 23/BSB 
083 0 |8 2\u  |a 800  |q DE-101  |2 23/BSB 
083 0 |8 3\u  |a 909  |q DE-101  |2 23/BSB 
084 |a KU 9990  |0 (DE-625)85849:  |0 (DE-603)409353973  |2 rvk 
085 |8 1\u  |b 900 
085 |8 1\u  |z 2  |s 4373 
085 |8 2\u  |b 800 
085 |8 2\u  |z 2  |s 4373 
085 |8 3\u  |b 909 
085 |8 3\u  |z 2  |s 437 
100 1 |a Banáš, Jozef  |d 1948-  |0 (DE-603)224214799  |0 (DE-588)141538287  |2 gnd 
245 0 0 |a Zastavte Dubčeka!  |b Príbeh človeka, ktorý prekážal mocným  |c Jozef Banáš 
264 1 |a Bratislava  |b Ikar  |c 2009 
300 |a 359, [8] S.  |b Ill. 
504 |a Literaturverz. S. 357 - 359 
600 1 7 |a Dubček, Alexander  |d 1921-1992  |0 (DE-588)118527622  |0 (DE-603)086868713  |2 gnd 
856 4 2 |u http://bvbr.bib-bvb.de:8991/F?func=service&doc_library=BVB01&doc_number=020416013&line_number=0001&func_code=DB_RECORDS&service_type=MEDIA  |3 Inhaltsverzeichnis 
856 4 2 |m V:DE-603;B:DE-Mb50  |q application/pdf  |u http://scans.hebis.de/HEBCGI/show.pl?22939271_toc.pdf  |3 Inhaltsverzeichnis 
924 0 |9 Mb 50  |a (DE-603)603482333  |b DE-Mb50  |c HES  |d c  |g 11.00493 
924 0 |9 2080  |a (DE-603)793664136  |b DE-2080  |c HES  |d d  |g /